Georgia Country Quiz - Statistics

General Stats
  • This quiz has been taken 13 times
  • The average score is 15 of 20
Answer Stats
Hint Answer % Correct
Bordering countries Armenia
100%
Bordering countries Azerbaijan
100%
Sea on the western border Black sea
100%
Most common religion Orthodox
100%
Capital city Tbilisi
100%
The oldest evidence of this drink was found in Georgia Wine
100%
De facto independent regions Abkhazia
92%
This soviet leader was born in Georgia Joseph Stalin
92%
Bordering countries Russia
92%
Bordering countries Turkey
92%
Highest mountain range Caucasus
83%
De facto independent regions South Ossetia
67%
Famous seaside city Batumi
58%
Very popular type of cheese bread Khachapuri
50%
President from 2004 to 2013 (with a short break) Mikheil Saakashvili
50%
Olympic sport where Georgia wins most of its medals Wrestling
50%
Bloodless revolution in 2003 Rose revolution
42%
According to Greek mythology, Jason searched this in Georgia Golden fleece
33%
Current NBA player Zaza Pachulia
33%
Birth name of the above Ioseb Jughashvili
25%
No matching quizzes found
Score Distribution
Percent of People with Each Score
Percentile by Number Answered
Your Score History
You have not taken this quiz